Films de Hayao Miyazaki par images - Statistiques

Statistiques générales
  • Ce quiz a été pris 436 fois
  • Le résultat moyen est 10 sur 12
Statistiques - réponses
Par images Hint Réponse % Correct
2004 Le Château ambulant
99%
2001 Le Voyage de Chihiro
97%
1988 Mon voisin Totoro
97%
1989 Kiki la petite sorcière
94%
1997 Princesse Mononoké
94%
1992 Porco Rosso
90%
2008 Ponyo sur la falaise
87%
2023 Le Garçon et le Héron
86%
1986 Le Château dans le ciel
82%
1984 Nausicaä de la Vallée du Vent
80%
2013 Le vent se lève
74%
1979 Le Château de Cagliostro
34%
Aucun quiz correspondant
Distribution des résultats
% des personnes avec chaque résultat
Percentile par nombre de réponses
Votre historique - résultats
Vous n’avez pas pris ce quiz